[Event "Foment Martinenc op-C 23rd"]
[Site "Barcelona"]
[Date "2023.06.03"]
[Round "7"]
[White "Lopez Mallach, Miguel"]
[Black "Vazquez Cortes, Carlos"]
[Result "0-1"]
[WhiteElo "1205"]
[BlackElo "1511"]
[PlyCount "76"]
[EventDate "2023.04.22"]
[EventType "swiss"]
[EventRounds "9"]
[EventCountry "ESP"]
[SourceTitle "EXT 2024"]
[Source "ChessBase"]
[SourceDate "2023.10.10"]
[SourceVersion "1"]
[SourceVersionDate "2023.10.10"]
[SourceQuality "1"]

1. e4 e6 2. d4 d5 3. Nc3 Nf6 4. e5 Nfd7 5. f4 c5 6. Nf3 Nc6 7. Be3 Be7 8. Bf2 a6 9. Ne2 Qb6 10. Qc1 Qc7 11. c3 b5 12. a3 Bb7 13. Bh4 0-0 14. Ng3 Rac8 15. Bd3 Bxh4 16. Nxh4 cxd4 17. 0-0 Qd8 18. Nf3 dxc3 19. bxc3 Nc5 20. Bc2 Na5 21. f5 Ncb3 22. Qf4 Rc4 23. Nd4 Nxd4 24. f6 Ne2+ 25. Nxe2 Rxf4 26. Rxf4 Nc4 27. Nd4 Nxe5 28. Rh4 g6 29. Rf1 Nc4 30. Rf3 e5 31. g4 Nd2 32. Rfh3 Qxf6 33. Nf5 gxf5 34. Bxf5 Nf3+ 35. Rxf3 Qxh4 36. Rg3 d4 37. cxd4 exd4 38. g5 Re8 0-1

[Event "Foment Martinenc op-C 23rd"]
[Site "Barcelona"]
[Date "2023.04.22"]
[Round "1"]
[White "Lopez Mallach, Miguel"]
[Black "Gonzalez Trigo, Jose Luis"]
[Result "1-0"]
[WhiteElo "1205"]
[BlackElo "1423"]
[PlyCount "58"]
[EventDate "2023.04.22"]
[EventType "swiss"]
[EventRounds "9"]
[EventCountry "ESP"]
[SourceTitle "EXT 2024"]
[Source "ChessBase"]
[SourceDate "2023.10.10"]
[SourceVersion "1"]
[SourceVersionDate "2023.10.10"]
[SourceQuality "1"]

1. e4 c5 2. c3 e5 3. Nf3 d6 4. Bc4 Nf6 5. d3 h6 6. 0-0 Be7 7. Nbd2 0-0 8. Re1 Nc6 9. Nf1 Na5 10. Ne3 Nxc4 11. Nxc4 Be6 12. Ne3 Qc7 13. h3 d5 14. exd5 Bxd5 15. Nxd5 Nxd5 16. Rxe5 Nf6 17. Qe2 Bd6 18. Re3 Rfe8 19. Bd2 Rxe3 20. Bxe3 Re8 21. Qd2 b6 22. c4 Nh5 23. Bxh6 gxh6 24. Qxh6 Ng7 25. Ng5 f6 26. Qh7+ Kf8 27. Qh8+ Ke7 28. Re1+ Kd8 29. Rxe8+ Nxe8 1-0

[Event "Barcelona Sant Marti op 10th"]
[Site "Barcelona"]
[Date "2023.02.09"]
[Round "5"]
[White "San Isidoro Castillo, Jose"]
[Black "Lopez Mallach, Miguel"]
[Result "1-0"]
[WhiteElo "1323"]
[BlackElo "1217"]
[PlyCount "79"]
[EventDate "2023.01.12"]
[EventType "swiss"]
[EventRounds "9"]
[EventCountry "ESP"]
[SourceTitle "CBM 213 Extra"]
[Source "ChessBase"]
[SourceDate "2023.05.31"]
[SourceVersion "1"]
[SourceVersionDate "2023.05.31"]
[SourceQuality "1"]

1. d4 Nf6 2. Nf3 g6 3. Nc3 Bg7 4. e4 d6 5. Bf4 0-0 6. Qd2 Nbd7 7. 0-0-0 b6 8. e5 dxe5 9. dxe5 Ng4 10. h3 Ngxe5 11. Nxe5 Bxe5 12. Bxe5 f6 13. Bc4+ Kg7 14. Bf4 g5 15. Be3 Qe8 16. h4 h6 17. hxg5 fxg5 18. f4 Qg6 19. fxg5 hxg5 20. Bd3 Rf5 21. g4 Ne5 22. gxf5 Bxf5 23. Bxf5 Qxf5 24. Rhf1 Qg4 25. Rg1 Qe6 26. Rxg5+ Kf7 27. Rf1+ Ke8 28. Rgf5 Nd7 29. Qd4 Nf6 30. Re5 Qd6 31. Qxd6 cxd6 32. Rg5 Kd7 33. Rg7 Ke6 34. Bg5 Rf8 35. Bxf6 exf6 36. Rxa7 f5 37. Ra4 d5 38. Raf4 Ke5 39. Nxd5 b5 40. Ne7 1-0

[Event "Barcelona Sant Marti op-B 22nd"]
[Site "Barcelona"]
[Date "2022.07.18"]
[Round "6"]
[White "Lopez Mallach, Miguel"]
[Black "Costa Monteiro, Pedro"]
[Result "1-0"]
[WhiteElo "1433"]
[BlackElo "1290"]
[PlyCount "83"]
[EventDate "2022.07.13"]
[EventType "swiss"]
[EventRounds "9"]
[EventCountry "ESP"]
[SourceTitle "CBM 210 Extra"]
[Source "ChessBase"]
[SourceDate "2022.11.30"]
[SourceVersion "1"]
[SourceVersionDate "2022.11.30"]
[SourceQuality "1"]

1. e4 e5 2. Nf3 Nf6 3. Nxe5 d6 4. Nf3 Nxe4 5. c4 Bf5 6. d3 Nf6 7. Nc3 c6 8. Be2 Be7 9. 0-0 0-0 10. Re1 d5 11. cxd5 cxd5 12. Nd4 Bd7 13. Bf3 Nc6 14. Nxc6 bxc6 15. d4 Bd6 16. a3 Rc8 17. b4 Bb8 18. Bg5 h6 19. Bh4 Qc7 20. Bg3 Qd8 21. Bxb8 Rxb8 22. Na4 Be6 23. Nc5 Nd7 24. Nd3 Qf6 25. Ne5 Nxe5 26. Rxe5 Rbe8 27. Qa4 Qf4 28. Qxa7 f6 29. Ree1 g5 30. Bd1 Qd2 31. Bh5 Ra8 32. Qb7 Qxd4 33. Bg6 Bf7 34. Bxf7+ Kg7 35. Bh5+ Kh8 36. Bg6 Qa7 37. Qxc6 Kg7 38. Bf5 Rac8 39. Qd6 Qd4 40. Qd7+ Rf7 41. Qxc8 h5 42. Rad1 1-0

[Event "Foment Martinenc op-C 22nd"]
[Site "Barcelona"]
[Date "2022.05.14"]
[Round "4"]
[White "Lopez Mallach, Miguel"]
[Black "Marti Godia, Enric"]
[Result "1-0"]
[WhiteElo "1700"]
[BlackElo "1500"]
[PlyCount "63"]
[EventDate "2022.04.23"]
[EventType "swiss"]
[EventRounds "9"]
[EventCountry "ESP"]
[SourceTitle "EXT 2023"]
[Source "ChessBase"]
[SourceDate "2022.10.05"]
[SourceVersion "1"]
[SourceVersionDate "2022.10.05"]
[SourceQuality "1"]

1. e4 d6 2. d4 g6 3. Nf3 Bg7 4. Nc3 Nf6 5. Be3 0-0 6. Be2 Re8 7. 0-0 Nc6 8. a3 Ng4 9. Bc4 Nxe3 10. fxe3 e6 11. Ba2 a6 12. b4 b5 13. Ne2 e5 14. d5 Ne7 15. Qd2 f5 16. Ng5 Bd7 17. Rac1 Nc8 18. Ne6 Bxe6 19. dxe6 Ne7 20. c4 fxe4 21. Ng3 Nf5 22. Nxf5 gxf5 23. cxb5 Qf6 24. Bd5 Rac8 25. bxa6 f4 26. a7 f3 27. b5 h6 28. b6 cxb6 29. Rxc8 Rxc8 30. a8Q Rxa8 31. Bxa8 Qxe6 32. Bd5 1-0

[Event "Foment Martinenc op-C 22nd"]
[Site "Barcelona"]
[Date "2022.04.30"]
[Round "2"]
[White "Lopez Mallach, Miguel"]
[Black "Berrozpe Gonzalez, Marc"]
[Result "0-1"]
[WhiteElo "1700"]
[BlackElo "1495"]
[PlyCount "80"]
[EventDate "2022.04.23"]
[EventType "swiss"]
[EventRounds "9"]
[EventCountry "ESP"]
[SourceTitle "EXT 2023"]
[Source "ChessBase"]
[SourceDate "2022.10.05"]
[SourceVersion "1"]
[SourceVersionDate "2022.10.05"]
[SourceQuality "1"]

1. d4 d5 2. c4 c6 3. g3 Nf6 4. Bg2 e6 5. Nf3 Nbd7 6. 0-0 Bd6 7. c5 Bc7 8. Bg5 0-0 9. Nc3 h6 10. Bd2 Re8 11. Re1 e5 12. e3 e4 13. Nh4 g5 14. Nf5 Nf8 15. Nd6 Bxd6 16. cxd6 Qxd6 17. a3 g4 18. Ne2 h5 19. Nf4 Ng6 20. Bb4 Qc7 21. Qd2 Nxf4 22. exf4 Bf5 23. Rac1 a5 24. Bc3 b6 25. b4 axb4 26. Bxb4 Rec8 27. Re3 Qd7 28. Rec3 Ra7 29. Qe3 Ne8 30. Qe1 Nd6 31. Bxd6 Qxd6 32. Qf1 Rxa3 33. h3 Rxc3 34. Rxc3 Ra8 35. hxg4 hxg4 36. f3 exf3 37. Bh1 Qb4 38. Rxc6 Qxd4+ 39. Kh2 Ra2+ 40. Bg2 Qh8+ 0-1

[Event "Foment Martinenc op-C 22nd"]
[Site "Barcelona"]
[Date "2022.04.23"]
[Round "1"]
[White "Bermejo Cuadra, Robert"]
[Black "Lopez Mallach, Miguel"]
[Result "0-1"]
[WhiteElo "1475"]
[BlackElo "1700"]
[PlyCount "80"]
[EventDate "2022.04.23"]
[EventType "swiss"]
[EventRounds "9"]
[EventCountry "ESP"]
[SourceTitle "EXT 2023"]
[Source "ChessBase"]
[SourceDate "2022.10.05"]
[SourceVersion "1"]
[SourceVersionDate "2022.10.05"]
[SourceQuality "1"]

1. e4 c5 2. Nf3 d6 3. Nc3 a6 4. Bc4 e6 5. d3 Nf6 6. Bg5 Be7 7. Qd2 Nbd7 8. 0-0 0-0 9. Ne2 b5 10. Bb3 Bb7 11. a3 h6 12. Bxf6 Nxf6 13. h3 Qc7 14. c4 e5 15. cxb5 axb5 16. Nc3 Qb6 17. Nd5 Nxd5 18. Bxd5 Rfc8 19. Bxb7 Qxb7 20. g3 Qd7 21. g4 d5 22. Nxe5 Qe6 23. f4 dxe4 24. dxe4 Rd8 25. Qc3 Kh7 26. f5 Qf6 27. Rad1 Rac8 28. Rxd8 Rxd8 29. Nf3 Qc6 30. e5 c4 31. Qc2 f6 32. exf6 gxf6 33. Nh4 Bc5+ 34. Rf2 Qd6 35. Qc3 Qf4 36. Qf3 Qc1+ 37. Kg2 Bxf2 38. Qb7+ Kg8 39. Kxf2 Qf4+ 40. Nf3 Rd2+ 0-1